01349cam a2200325 a 4500999001700000001000900017005001700026008004100043010001700084015001900101016001800120020004300138020004000181035002400221040004900245043001200294050003000306100002800336245012500364260006800489300006400557504005100621650003500672650003100707650004700738650004000785906004500825942003100870952012200901 c17297d172971565241420161123114059.0090309s2009 enkaf b 001 0 eng  a 2009010008 aGBA9811402bnb7 a0153511922Uk a9780754668794 (hardcover : alk. paper) a0754668797 (hardcover : alk. paper) a(OCoLC)ocn317067914 aDLCcDLCdBTCTAdBWKUKdBWKdUKMdYDXCPdDLC ae-uk-en00aN7635.D46 2009b.D46 20091 aDenney, Colleen,d1959-10aWomen, portraiture and the crisis of identity in Victorian England :bMy lady scandalous reconsidered /cColleen Denney. aFarnham, England ;aBurlington, VT :bAshgate Pub. Co.,cc2009. axiv, 260 p., [4] p. of plates :bill. (some col.) ;c24 cm. aIncludes bibliographical references and index. 0aPortraits, VictorianzEngland. 0aWomenzEnglandvPortraits. 0aPortraitszEnglandxHistoryy19th century. 0aPortraitsxSocial aspectszEngland. a7bcbccorignewd1eecipf20gy-gencatlg 2lcccBOOKShN7635.D46 2009 00102lcc4070aMUCbMUCcTECHd2016-11-23eDonation(B.F.A)l0oN7635.D46 2009p28332r2018-06-14w2016-11-23yBOOKS